00924nam a2200181 a 450000500170000000800410001702000180005805000220007610000180009824500590011626000370017530000230021244000220023552003210025765000230057899900190060195201220062020140412111253.0000821s19uu xx 00 eng d a0-7496-2370-5 aM 591.4bM36 1996 aManning, Mick aMy body your body /cMick Manning and Brita Granstrom. aLondon :bFranklin Watts,c1996. a1 v. (unp.) ; ill. aWonderwise series aMy body your body takes a surprising look at bodies-human bodies and animal bodies. We discover, for instance, that although our noses can smell thousands of smells, an elephant can use its nose as an extra arm! But we soon realize that all bodies are different and, what's more they are specially made just for us. aBody parts-Fiction c103187d103187 00104050aELbELcMd2000-08-21eLib. Fundg809.10l0oM 591.4 M36 1996pE3974r2014-04-12 00:00:00w2014-04-12yBK